| 000 | 01209pam a2200361 a 4500 | ||
|---|---|---|---|
| 001 | 3080 | ||
| 003 | FISKH | ||
| 005 | 20240202160915.0 | ||
| 008 | 030630r20032002enka j 000 1 eng d | ||
| 010 | _a 2004444620 | ||
| 015 | _aGBA3-X7526 | ||
| 020 | _a0571220460 | ||
| 020 | _a051488007999 | ||
| 035 | _a(OCoLC)ocm52057785 | ||
| 040 |
_aUKM _cUKM _dDLC _beng |
||
| 042 |
_alcac _alccopycat |
||
| 050 | 0 | 0 |
_aPZ7.T2134 _bSh 2003 |
| 082 | 0 | 0 |
_a[Fic] _222 |
| 082 | 0 | 4 |
_a823.92 _221 |
| 100 | 1 | _aTaylor, G. P. | |
| 245 | 1 | 0 |
_aShadowmancer / _cG.P. Taylor. |
| 250 | _aThis edition published in 2005 | ||
| 260 |
_aOntario : _bPenguin Books, _c2003 |
||
| 300 |
_a275 pages : _c21 cm |
||
| 520 | _aWhen Obadiah Demurral, the power-hungry Vicar of Thorpe, attempts to become a god by dabbling in magic, Raphah (who has come from Africa to get back the artifact stolen from his Temple and sold to Demurral) joins forces with Kate and Thomas to stop him. | ||
| 650 | 1 |
_aMagic _vFiction. |
|
| 650 | 1 | _aFantasy. | |
| 651 | 1 |
_aEngland _vFiction. |
|
| 655 | 7 |
_aFantasy fiction. _2gsafd |
|
| 655 | 7 |
_aYoung adult fiction. _2lcsh |
|
| 906 |
_a7 _bcbc _ccopycat _d2 _encip _f20 _gy-gencatlg |
||
| 942 |
_2ddc _cBK _n0 |
||
| 999 |
_c3080 _d3080 |
||